[Event "15th London Classic Open"]
[Site "London ENG"]
[Date "2025.11.29"]
[Round "4.25"]
[White "Itkin, David"]
[Black "Kanov, Nikola"]
[Result "0-1"]
[BlackTitle "IM"]
[WhiteElo "2272"]
[BlackElo "2418"]
[WhiteFideId "2611813"]
[BlackFideId "2928531"]
[EventDate "2025.11.27"]

1. e4 c5 2. Nf3 e6 3. Nc3 Nc6 4. d4 cxd4 5. Nxd4 Qc7 6. Be2 Nf6 7. O-O a6 8. Kh1
Nxd4 9. Qxd4 Bc5 10. Qd3 b5 11. f4 d5 12. exd5 Bb7 13. f5 O-O 14. Bf4 Qb6 15.
Be5 Nxd5 16. Nxd5 Bxd5 17. f6 g6 18. Qh3 Rfd8 19. Rf4 Bf8 20. Bd3 Bb7 21. Raf1
Rac8 22. Rh4 Qc6 23. Rf2 h5 24. Qg3 Qc5 25. h3 Rxd3 26. cxd3 Qc1+ 27. Kh2 Qd1
28. Rd4 Rc1 29. Qf4 Qh1+ 30. Kg3 Rg1 31. Qd2 Bd5 32. Re2 Kh7 33. Qc2 Rc1 34. Qd2
Rg1 35. Qc2 Rc1 36. Qd2 Rf1 37. Rxd5 exd5 38. Bf4 Qg1 39. Be3 Bd6+ 40. Kh4 Qh2
41. Bf2 Rxf2 0-1

[Event "15th London Classic Open"]
[Site "London ENG"]
[Date "2025.11.29"]
[Round "4.26"]
[White "Bhagat Kush"]
[Black "Dignam, Matthew"]
[Result "1-0"]
[WhiteTitle "FM"]
[BlackTitle "CM"]
[WhiteElo "2381"]
[BlackElo "2214"]
[WhiteFideId "46672940"]
[BlackFideId "2501422"]
[EventDate "2025.11.27"]

1. e4 c5 2. Nf3 e6 3. c3 d5 4. exd5 exd5 5. Bb5+ Bd7 6. Bxd7+ Nxd7 7. O-O Bd6 8.
d4 Ne7 9. Bg5 O-O 10. dxc5 Nxc5 11. Nbd2 Ne6 12. Bxe7 Bxe7 13. Nb3 Bf6 14. Qd3
Qd7 15. g3 Rfd8 16. Rfd1 a5 17. a4 Ra6 18. Rd2 h5 19. Qb5 Qc7 20. Rxd5 Rb6 21.
Rxd8+ Qxd8 22. Qc4 Qc7 23. Qxc7 Nxc7 24. Nfd2 Bg5 25. f4 Bf6 26. Rb1 Re6 27.
Nxa5 Re2 28. Nf3 Nd5 29. Nxb7 h4 30. a5 Nc7 31. gxh4 Re4 32. Nc5 Rxf4 33. Kg2
Rf5 34. Ne4 Rxa5 35. Nxf6+ gxf6 36. Nd4 Nd5 37. Kf3 Kh7 38. Ke4 f5+ 39. Kd3 f4
40. c4 Ne3 41. Rc1 Ng4 42. c5 Nf2+ 43. Kc4 Rxc5+ 44. Kxc5 Nd3+ 45. Kc4 Nxc1 46.
b4 f3 47. Nxf3 Ne2 48. b5 Nf4 49. b6 1-0

[Event "15th London Classic Open"]
[Site "London ENG"]
[Date "2025.11.29"]
[Round "4.27"]
[White "Kanyamarala, Tarun"]
[Black "Xian, Junhao"]
[Result "1-0"]
[WhiteTitle "IM"]
[WhiteElo "2376"]
[BlackElo "2166"]
[WhiteFideId "45004714"]
[BlackFideId "8607621"]
[EventDate "2025.11.27"]

1. e4 c5 2. Nf3 e6 3. d4 cxd4 4. Nxd4 Nc6 5. g3 Qc7 6. Bg2 a6 7. O-O Nf6 8. Re1
Nxd4 9. Qxd4 Bc5 10. Qc3 O-O 11. Be3 Bd6 12. Qb3 Bc5 13. Bxc5 Qxc5 14. Qc3 Qxc3
15. Nxc3 d6 16. Red1 Ne8 17. Na4 b5 18. Nb6 Rb8 19. Nxc8 Rxc8 20. c3 Rb8 21. a4
bxa4 22. Rd2 Rb6 23. Rxa4 e5 24. Rb4 Rxb4 25. cxb4 Nc7 26. Rxd6 Rb8 27. Bh3 Kf8
28. Rc6 Rb7 29. Bc8 Ra7 30. Rd6 Ra8 31. Bh3 Rb8 32. Rc6 Rb7 33. Bc8 Ra7 34. Rb6
Ra8 35. Bg4 Rd8 36. Rc6 Nb5 37. Rxa6 Rd4 38. Be2 Nc7 39. Rc6 Rd2 40. Bc4 Ne8 41.
b3 Rd8 42. Rc5 f6 43. b5 Nd6 44. f3 Rb8 45. Rc7 h5 46. h4 Rb6 47. Rc5 Ke7 48.
Kf2 Kd7 49. Ke3 Rb8 50. Bd5 g5 51. Bc4 gxh4 52. gxh4 Ra8 53. Kd3 Nb7 54. Rc6 Nd6
55. Kc3 Ra1 56. Kb4 Rh1 57. Kc5 Nb7+ 58. Kb6 Nd6 59. Rc7+ Kd8 60. Kc6 Nc8 61.
Rd7+ Ke8 62. Kc7 Nb6 63. Bf7+ Kf8 64. Kxb6 Rxh4 65. Kc7 Rf4 66. Bxh5 Rh4 67. b6
Rxh5 68. b7 Rh7 69. b8=Q# 1-0

[Event "15th London Classic Open"]
[Site "London ENG"]
[Date "2025.11.29"]
[Round "4.28"]
[White "Willems, Niels"]
[Black "Carroll, Peter"]
[Result "1-0"]
[WhiteTitle "FM"]
[BlackTitle "FM"]
[WhiteElo "2368"]
[BlackElo "2165"]
[WhiteFideId "20695586"]
[BlackFideId "2510243"]
[EventDate "2025.11.27"]

1. c4 e5 2. Nc3 Nf6 3. Nf3 Nc6 4. d3 Bb4 5. Bd2 O-O 6. g3 d6 7. Bg2 Bd7 8. O-O
Bxc3 9. Bxc3 Qc8 10. Re1 Bh3 11. e4 Bxg2 12. Kxg2 Qe6 13. Rc1 Ne7 14. Ng5 Qg4
15. Qxg4 Nxg4 16. h3 h6 17. Nf3 Nf6 18. d4 exd4 19. Nxd4 a6 20. e5 dxe5 21. Rxe5
Ng6 22. Ree1 Nd7 23. Rcd1 Rad8 24. f4 h5 25. Nf5 f6 26. Bb4 c5 27. Ba5 b6 28.
Bc3 Nb8 29. Rxd8 Rxd8 30. Re6 Nd7 31. Rd6 h4 32. Nxh4 Nxh4+ 33. gxh4 Kf7 34. f5
Ke7 35. Re6+ Kf7 36. Rd6 Ke7 37. Re6+ Kf7 38. Kg3 Re8 39. Rd6 Ke7 40. Re6+ Kf7
41. Rxe8 Kxe8 42. a4 Ke7 43. Kf4 Kd6 44. Ke4 Kc6 45. h5 b5 46. axb5+ axb5 47.
cxb5+ Kxb5 48. Kd5 Nb6+ 49. Ke6 Na4 50. Bxf6 1-0

[Event "15th London Classic Open"]
[Site "London ENG"]
[Date "2025.11.29"]
[Round "4.29"]
[White "Kanyamarala, Trisha"]
[Black "Hebden, Mark L"]
[Result "1/2-1/2"]
[WhiteTitle "WIM"]
[BlackTitle "GM"]
[WhiteElo "2149"]
[BlackElo "2355"]
[WhiteFideId "45004722"]
[BlackFideId "400084"]
[EventDate "2025.11.27"]

1. e4 e5 2. Nf3 Nc6 3. Nc3 Nf6 4. d4 exd4 5. Nxd4 Bc5 6. Be3 Bb6 7. Qd2 O-O 8.
O-O-O Re8 9. f3 d5 10. exd5 Nxd5 11. Bg5 Nxc3 12. Bxd8 Nxd1 13. Bg5 Nxd4 14.
Qxd1 h6 15. Bd2 Bf5 16. Bd3 Bxd3 17. cxd3 Re2 18. Re1 Rxg2 19. Qa4 c6 20. Bc3
Rd8 21. Qc4 Rd5 22. Re4 Ne2+ 23. Kd1 Nxc3+ 24. bxc3 Rxh2 25. d4 Rf5 26. Re8+ Kh7
27. Re7 Rg5 28. Qxf7 Ba5 29. f4 Rg1+ 30. Re1 Rxe1+ 31. Kxe1 Bxc3+ 32. Kf1 Bxd4
33. Qf5+ Kh8 1/2-1/2

[Event "15th London Classic Open"]
[Site "London ENG"]
[Date "2025.11.29"]
[Round "4.30"]
[White "Li, Guohao"]
[Black "Mesropyan, Hayk"]
[Result "1-0"]
[WhiteElo "2348"]
[BlackElo "2136"]
[WhiteFideId "8619999"]
[BlackFideId "499455"]
[EventDate "2025.11.27"]

1. Nf3 d5 2. e3 Nf6 3. c4 e6 4. b3 c5 5. Bb2 Nc6 6. cxd5 exd5 7. Be2 d4 8. exd4
cxd4 9. Bb5 Bg4 10. h3 Qe7+ 11. Kf1 Bxf3 12. Qxf3 Qe4 13. Qxe4+ Nxe4 14. Bxd4
O-O-O 15. Bxc6 Rxd4 16. Bxe4 Rxe4 17. f3 Rd4 18. Ke2 Bb4 19. Rc1+ Kb8 20. Rc4
Re8+ 21. Kd1 Rxc4 22. bxc4 Rc8 23. a3 Ba5 24. d3 Re8 25. Nd2 Re3 26. Nb3 Re1+
27. Kc2 Re2+ 28. Kb1 Re1+ 29. Nc1 Bd2 30. Kc2 Bxc1 31. Rxc1 Re2+ 32. Kc3 Rxg2
33. Re1 f5 34. Re8+ Kc7 35. Re7+ Kc6 36. d4 Rg3 37. Kb4 Rxf3 38. d5+ Kd6 39.
Rxb7 a5+ 40. Kxa5 Rxa3+ 41. Kb4 Rxh3 42. Rxg7 Rh1 43. Rf7 Rb1+ 44. Kc3 Rc1+ 45.
Kd3 Rd1+ 46. Kc2 Rh1 47. Rf6+ Ke5 48. Re6+ Kd4 49. d6 Rh2+ 50. Kd1 Rh1+ 51. Re1
Rh6 52. d7 Rd6 53. Ke2 1-0

[Event "15th London Classic Open"]
[Site "London ENG"]
[Date "2025.11.29"]
[Round "4.31"]
[White "Langheinrich, Ferenc"]
[Black "Stone, Andrew M"]
[Result "1/2-1/2"]
[WhiteTitle "IM"]
[WhiteElo "2334"]
[BlackElo "2122"]
[WhiteFideId "4641973"]
[BlackFideId "404985"]
[EventDate "2025.11.27"]

1. e4 c6 2. d4 d5 3. e5 c5 4. Nf3 cxd4 5. Qxd4 Nc6 6. Qf4 g6 7. Nc3 d4 8. Bc4
Bf5 9. Ne2 Bh6 10. Qh4 Bxc1 11. Rxc1 Qa5+ 12. c3 Nxe5 13. Nxe5 Qxe5 14. Qxd4
Qxd4 15. Nxd4 Bd7 16. O-O Rc8 17. Bb3 Nf6 18. Rfe1 e6 19. f4 O-O 20. Nf3 Bc6 21.
Ne5 Bd5 22. c4 Bc6 23. Rcd1 Rc7 24. Rd4 Rfc8 25. Red1 Kf8 26. g4 Ke7 27. Kf2 h5
28. h3 hxg4 29. hxg4 Rh8 30. Nxc6+ bxc6 31. g5 Nd7 32. Kg3 Nc5 33. Bc2 a5 34. b3
Rd7 35. Rxd7+ Nxd7 36. Be4 Rc8 37. Kf2 c5 38. Rh1 Nf8 39. Ke3 Rd8 40. a3 Rb8 41.
Rb1 Nd7 42. Bc6 Nb6 43. Rd1 Rc8 44. Bb5 Rh8 45. Rd3 Rh3+ 46. Kd2 Rxd3+ 47. Kxd3
Nc8 48. Kc3 f6 49. b4 axb4+ 50. axb4 cxb4+ 51. Kxb4 e5 52. fxe5 fxg5 53. Ba6 Nb6
54. c5 Nd7 55. c6 Nxe5 56. c7 Nc6+ 57. Kc5 Na7 58. Kb6 Kd6 59. Kb7 g4 60. Be2 g3
61. Bf1 Kd7 62. Bb5+ Kd6 63. Bf1 Kd7 64. Bb5+ 1/2-1/2

[Event "15th London Classic Open"]
[Site "London ENG"]
[Date "2025.11.29"]
[Round "4.32"]
[White "Coicev, Matei-Andrei"]
[Black "Panda, Barnabas"]
[Result "1/2-1/2"]
[WhiteTitle "FM"]
[WhiteElo "2332"]
[BlackElo "2099"]
[WhiteFideId "1279688"]
[BlackFideId "799556"]
[EventDate "2025.11.27"]

1. e4 e6 2. d4 d5 3. Nd2 c5 4. exd5 Qxd5 5. Ngf3 cxd4 6. Bc4 Qd7 7. O-O Nc6 8.
Nb3 Nf6 9. Qe2 a6 10. a4 Bd6 11. Rd1 Qe7 12. Nbxd4 Nxd4 13. Rxd4 e5 14. Rh4 Bf5
15. Bg5 O-O 16. Re1 Rfe8 17. Bd3 Bg6 18. Bxg6 hxg6 19. Nd2 Qe6 20. Ne4 Rac8 21.
Nxd6 Qxd6 22. Qf3 Qe6 23. c3 e4 24. Qe2 Rcd8 25. h3 Qb3 26. Bxf6 gxf6 27. Qe3 g5
28. Rxe4 Rxe4 29. Qxe4 Qxb2 30. Qe7 Qd2 31. Rb1 Kg7 32. Qxb7 Qc2 33. Rf1 Qxa4
34. f4 Rd1 35. fxg5 Rxf1+ 36. Kxf1 Qd1+ 37. Kf2 Qd2+ 38. Kg1 Qe1+ 39. Kh2 Qe5+
40. Kg1 Qe1+ 41. Kh2 Qe5+ 42. Kg1 Qe1+ 1/2-1/2

[Event "15th London Classic Open"]
[Site "London ENG"]
[Date "2025.11.29"]
[Round "4.33"]
[White "Manmay Chopra"]
[Black "Wells, Peter K"]
[Result "1/2-1/2"]
[WhiteTitle "CM"]
[BlackTitle "GM"]
[WhiteElo "2142"]
[BlackElo "2321"]
[WhiteFideId "25649191"]
[BlackFideId "400327"]
[EventDate "2025.11.27"]

1. e4 e5 2. Nf3 Nc6 3. Bb5 a6 4. Ba4 Nf6 5. Nc3 b5 6. Bb3 Be7 7. d3 d6 8. a3 O-O
9. O-O Bg4 10. Be3 Nd4 11. Bxd4 exd4 12. Nd5 Nd7 13. h3 Bxf3 14. Nxe7+ Qxe7 15.
Qxf3 Rfc8 16. Qh5 c5 17. Bd5 Rab8 18. f4 Nf6 19. Qf3 Nxd5 20. exd5 Re8 21. g3 c4
22. Qf2 cxd3 23. cxd3 Qe3 24. Rad1 Rbc8 25. Rfe1 Qxf2+ 26. Kxf2 Rc2+ 27. Kf3
Rec8 28. Re2 f5 29. Rde1 Rxe2 30. Rxe2 Kf7 31. Re6 Rc2 32. Rxd6 Rxb2 33. Rxa6
Rd2 34. Ra7+ Kf6 35. d6 Rxd3+ 36. Kf2 Ke6 37. d7 Ke7 38. d8=Q+ Kxd8 39. Rxg7
Rxa3 40. Rxh7 Ra2+ 41. Kf3 Ra3+ 42. Kf2 Ra2+ 43. Kf3 Ra3+ 1/2-1/2

[Event "15th London Classic Open"]
[Site "London ENG"]
[Date "2025.11.29"]
[Round "4.34"]
[White "Houska, Jovanka"]
[Black "Hryshchenko, Kamila"]
[Result "1-0"]
[WhiteTitle "IM"]
[BlackTitle "WFM"]
[WhiteElo "2320"]
[BlackElo "2066"]
[WhiteFideId "405094"]
[BlackFideId "14147491"]
[EventDate "2025.11.27"]

1. d4 d6 2. Nf3 g6 3. e4 Bg7 4. Bc4 e6 5. Bb3 h6 6. O-O Ne7 7. Re1 Nd7 8. Nbd2
O-O 9. c3 a6 10. a4 b6 11. Nf1 Bb7 12. h4 e5 13. Ng3 exd4 14. cxd4 Nf6 15. d5
Bc8 16. Nd4 Bd7 17. Bf4 Ng4 18. Qd2 Kh7 19. f3 Ne5 20. Rac1 Rc8 21. Be3 c5 22.
dxc6 N7xc6 23. Nxc6 Bxc6 24. Bf2 h5 25. Rcd1 Bf6 26. Qxd6 Qxd6 27. Rxd6 Bxh4 28.
Rc1 Bg5 29. Rc2 Bf4 30. Rd4 Bh6 31. Ne2 f6 32. Rd6 Rfd8 33. Rxd8 Rxd8 34. Nd4
Bd7 35. Rc7 Rc8 36. Rb7 Rc1+ 37. Kh2 Kh8 38. Bg3 Be3 39. Ne2 Rb1 40. Bxe5 fxe5
41. Rxd7 Rxb2 42. Bc4 b5 43. axb5 axb5 44. Rb7 b4 45. f4 exf4 46. e5 f3 47. gxf3
Bf4+ 48. Kh3 Bxe5 49. f4 Bf6 50. Ng3 Rf2 51. Ne2 g5 52. Kg3 Rf1 53. Kg2 Rd1 54.
f5 h4 55. Kh3 Rf1 56. Kg4 Bg7 57. Rb8+ Kh7 58. Bg8+ Kh8 59. Kxg5 Be5 60. Re8 Rf2
61. Bd5+ 1-0

[Event "15th London Classic Open"]
[Site "London ENG"]
[Date "2025.11.29"]
[Round "4.35"]
[White "Vijayakumar, Rishi"]
[Black "Verbytski, Oleg"]
[Result "1-0"]
[WhiteTitle "FM"]
[WhiteElo "2300"]
[BlackElo "2092"]
[WhiteFideId "2408953"]
[BlackFideId "495506"]
[EventDate "2025.11.27"]

1. d4 d5 2. c4 e6 3. Nc3 Nf6 4. Nf3 Be7 5. Bf4 O-O 6. e3 b6 7. Bd3 dxc4 8. Bxc4
Bb7 9. O-O c5 10. dxc5 Bxc5 11. Qe2 Qe7 12. Rfd1 Nc6 13. Na4 Rfd8 14. Nxc5 Qxc5
15. Rxd8+ Rxd8 16. a3 h6 17. b4 Qe7 18. Ne5 Nd5 19. Nxc6 Bxc6 20. Bg3 Qf6 21.
Rc1 Bb7 22. h3 Rc8 23. Qd2 Qd8 24. Be2 Rxc1+ 25. Qxc1 Qc8 26. Qxc8+ Bxc8 27. e4
Nc3 28. Bd3 f6 29. f3 a6 30. Bf2 b5 31. Bd4 Na4 32. f4 Kf7 33. Kf2 g6 34. g4 g5
35. e5 f5 36. Kg3 Kg6 37. Bc2 Kf7 38. Bd3 Kg6 39. Bb1 Kf7 40. Bc2 Bd7 41. Bb3
gxf4+ 42. Kxf4 fxg4 43. Kxg4 Kg7 44. Kh4 Kf7 45. Bc2 Bc6 46. Kh5 Kg7 47. Bd1
Be8+ 48. Kh4 Bc6 49. Bg4 Bd5 50. Kh5 Kh7 51. h4 Kg7 52. Be3 Nb2 53. Bxh6+ Kf7
54. Bf4 Nc4 55. Kg5 Be4 56. Bh5+ Kg7 57. Bg4 Kf7 58. h5 Nb6 59. h6 Nd5 60. Bh5+
Kg8 61. Bd2 Nb6 62. Kf6 Bd5 63. Bf7+ Kh8 64. Bxe6 Bc6 65. Bc1 Nc4 66. Bxc4 bxc4
67. Kf7 a5 68. bxa5 c3 69. a6 c2 70. a7 Bd5+ 71. e6 Bc6 72. e7 Bd5+ 73. Kf8 Kh7
74. e8=Q Bf7 75. Qxf7+ 1-0

[Event "15th London Classic Open"]
[Site "London ENG"]
[Date "2025.11.29"]
[Round "4.36"]
[White "Tica, Sven"]
[Black "Fellowes, Billy"]
[Result "1-0"]
[WhiteTitle "IM"]
[BlackTitle "CM"]
[WhiteElo "2441"]
[BlackElo "2184"]
[WhiteFideId "14526948"]
[BlackFideId "483540"]
[EventDate "2025.11.27"]

1. d4 Nf6 2. Nf3 g6 3. Nbd2 d5 4. b3 Bg7 5. Bb2 O-O 6. e3 Nbd7 7. Be2 c5 8. c4
b6 9. O-O Bb7 10. Rc1 Rc8 11. Rc2 cxd4 12. Bxd4 dxc4 13. Bxc4 Nc5 14. Qa1 Qd7
15. Rfc1 Ne6 16. Bb2 b5 17. Ne5 Qd6 18. Bxb5 Rxc2 19. Rxc2 Bxg2 20. f3 Bh3 21.
Ndc4 Qb8 22. a4 Qb7 23. Na5 Qb6 24. Nac4 Qb7 25. Na5 Qb6 26. Qe1 a6 27. Rc6 Qb8
28. Rxa6 Bh6 29. Nac4 Ng5 30. Qh4 Qc8 31. Qxh6 Qf5 32. Nd2 Nh5 33. Bd3 Nxf3+ 34.
Ndxf3 Qc8 35. Ng5 Nf6 36. Rxf6 1-0

[Event "15th London Classic Open"]
[Site "London ENG"]
[Date "2025.11.29"]
[Round "4.37"]
[White "Harley, Andrew D"]
[Black "Schmider, Niklas"]
[Result "0-1"]
[WhiteTitle "FM"]
[BlackTitle "IM"]
[WhiteElo "2182"]
[BlackElo "2423"]
[WhiteFideId "401390"]
[BlackFideId "12993778"]
[EventDate "2025.11.27"]

1. e4 c5 2. c3 Nf6 3. e5 Nd5 4. Nf3 d6 5. d4 cxd4 6. cxd4 Nc6 7. Bc4 Nb6 8. Bb5
dxe5 9. Nxe5 Bd7 10. Nxd7 Qxd7 11. Nc3 e6 12. O-O Rd8 13. Be3 Be7 14. Qg4 O-O
15. Rfd1 f5 16. Qg3 a6 17. Be2 Bd6 18. Qh3 Nb4 19. Bf3 Nc2 20. Rab1 Rc8 21. Bc1
Bb8 22. Qh4 h6 23. Rd2 Nb4 24. a3 N4d5 25. Ne2 Rf6 26. g3 g5 27. Qh5 Kg7 28. g4
fxg4 29. Qxg4 Rcf8 30. Rd3 Qf7 31. Kg2 h5 32. Qxh5 Qxh5 33. Bxh5 Rxf2+ 34. Kh1
Rxh2+ 35. Kg1 Rxh5 36. Ng3 Bxg3 37. Rxg3 Kg6 38. Bd2 Rfh8 39. Re1 Rh1+ 40. Kf2
R8h2+ 41. Kf3 Rxe1 0-1

[Event "15th London Classic Open"]
[Site "London ENG"]
[Date "2025.11.29"]
[Round "4.38"]
[White "Brunner, Nicolas"]
[Black "Kapechun, Mikhailo"]
[Result "1-0"]
[WhiteTitle "IM"]
[WhiteElo "2420"]
[BlackElo "2174"]
[WhiteFideId "620246"]
[BlackFideId "34147527"]
[EventDate "2025.11.27"]

1. d4 Nf6 2. c4 c5 3. d5 b5 4. cxb5 a6 5. bxa6 Bxa6 6. Nc3 d6 7. e4 Bxf1 8. Kxf1
g6 9. g3 Bg7 10. Kg2 O-O 11. Nf3 Nbd7 12. a4 Qb6 13. Qe2 Rfb8 14. Nb5 Ne8 15.
Bg5 Ndf6 16. Nd2 Nc7 17. Nc4 Qb7 18. Nxc7 Qxc7 19. a5 h6 20. Bd2 Qb7 21. Nb6 Ra7
22. Bc3 Nd7 23. Nxd7 Qxd7 24. Ra3 Qb5 25. Qxb5 Rxb5 26. Rha1 Rxb2 27. Bxb2 Bxb2
28. Kf3 Bxa1 29. Rxa1 Kf8 30. Ke3 Ke8 31. Kd3 Kd7 32. Kc4 Kc7 33. e5 Kb8 34. a6
dxe5 35. Kxc5 Rc7+ 36. Kb6 Rd7 37. Rc1 Rd6+ 38. Rc6 Rd7 39. g4 e4 40. h4 f6 41.
Kc5 Ka7 42. Kd4 Rd6 43. Rxd6 exd6 44. Kxe4 Kxa6 45. h5 gxh5 46. gxh5 Kb5 47. Kf5
Kc4 48. Ke6 Kc5 49. f3 f5 50. f4 Kd4 51. Kxf5 Kxd5 52. Kg6 Ke4 53. f5 d5 54. f6 1-0

[Event "15th London Classic Open"]
[Site "London ENG"]
[Date "2025.11.29"]
[Round "4.39"]
[White "Vortmeier, Jan"]
[Black "Efroimski, Marsel"]
[Result "0-1"]
[BlackTitle "IM"]
[WhiteElo "2152"]
[BlackElo "2384"]
[WhiteFideId "16261321"]
[BlackFideId "2810964"]
[EventDate "2025.11.27"]

1. Nf3 Nf6 2. g3 d5 3. Bg2 e6 4. O-O Be7 5. c4 O-O 6. b3 d4 7. e3 c5 8. Ne5 Qc7
9. f4 Nfd7 10. Nd3 Nc6 11. Na3 a6 12. Nc2 dxe3 13. dxe3 b5 14. Bb2 Bb7 15. Qe2
bxc4 16. bxc4 Na5 17. Bxb7 Nxb7 18. Rab1 Na5 19. Ne5 Rfd8 20. Ne1 Nf8 21. Bc3
Nc6 22. Qf3 Rac8 23. Rf2 f6 24. Nxc6 Qxc6 25. Qxc6 Rxc6 26. Rb7 Kf7 27. Rfb2 Rd7
28. Ba5 Rcd6 29. Kf1 Rd1 30. Ke2 Rxb7 31. Rxb7 Ra1 32. Rb2 Nd7 33. Bc3 f5 34.
Rd2 Rc1 35. Bxg7 Nb6 36. Bb2 Rxc4 37. Nd3 Re4 38. Rc2 Nd5 39. Ne5+ Ke8 40. Bc1
Ra4 41. Bd2 Bd6 42. Nc4 Bc7 43. Kf3 Kd7 44. g4 Kc6 45. gxf5 exf5 46. Ke2 Nf6 47.
Kd3 Kd5 48. Bc1 Ne4 49. a3 Bd8 50. Ne5 Bc7 51. Nf3 c4+ 52. Ke2 c3 53. Nh4 Ke6
54. Nf3 h6 55. Nd4+ Kf6 56. Kd3 Ra5 57. Kc4 Rc5+ 58. Kb3 Ba5 59. a4 Nd2+ 60. Ka3
Rc4 61. Nb3 Bb4+ 62. Ka2 Ne4 63. Ba3 Bxa3 64. Kxa3 Rc7 65. Kb4 Rb7+ 66. Kc4 h5
67. Nd4 Rb2 68. Kd3 Rb4 69. Ra2 h4 70. Kc2 Rb7 71. Ne2 Rg7 72. Nxc3 Rg2+ 73. Kd3
h3 74. Rxg2 hxg2 75. Ne2 Nc5+ 76. Kc4 Nxa4 77. Kb4 Nb2 78. Ka5 Nc4+ 79. Kxa6
Nxe3 80. Kb6 Nd5+ 81. Kc5 Nxf4 82. Ng1 Ke5 0-1

[Event "15th London Classic Open"]
[Site "London ENG"]
[Date "2025.11.29"]
[Round "4.40"]
[White "Farberov, Maxim"]
[Black "Negrean, Andrei"]
[Result "1/2-1/2"]
[BlackTitle "FM"]
[WhiteElo "2133"]
[BlackElo "2334"]
[WhiteFideId "2070944"]
[BlackFideId "1291513"]
[EventDate "2025.11.27"]

1. e4 c5 2. Nf3 d6 3. d4 Nf6 4. Nc3 cxd4 5. Nxd4 a6 6. Bg5 Nbd7 7. Qe2 g6 8. f4
e5 9. O-O-O exd4 10. e5 dxc3 11. exd6+ Be7 12. Re1 Nd5 13. Qf3 cxb2+ 14. Kb1 Qa5
15. Bc4 O-O 16. dxe7 Nc3+ 17. Kxb2 Qb4+ 18. Bb3 Na4+ 19. Kc1 Re8 20. Qd5 Qa3+
21. Kd2 Qb4+ 22. c3 Qxc3+ 23. Ke2 Qg7 24. Bxa4 Nb6 25. Qa5 Qb2+ 26. Kf3 Nxa4 27.
Qxa4 b5 28. Qe4 Rb8 29. Re2 Qa3+ 30. Qe3 Qd6 31. Rd2 Qc6+ 32. Kg3 f6 33. Bh6 Qe6
34. Qxe6+ Bxe6 35. Bf8 b4 36. Rhd1 b3 37. axb3 Bxb3 38. Ra1 Bc4 39. Rd6 Kf7 40.
Rc1 Rb3+ 41. Kf2 Rb2+ 42. Kf3 Rb3+ 43. Kf2 Rb2+ 44. Kg3 Bb5 45. Re1 Be2 46. Rc1
Bb5 47. Rcd1 Rc8 48. R1d2 Rxd2 49. Rxd2 a5 50. Kf3 a4 51. Ra2 Ra8 52. Ke3 Bc4
53. Ra1 Bb5 54. Kd4 Bd7 55. Kc3 Ke8 56. Kb2 Rb8+ 57. Ka2 Rb4 58. Rf1 Re4 59. Rf2
Re3 60. Rd2 a3 61. Rd1 Be6+ 62. Ka1 Kf7 63. g3 a2 64. Rc1 Re2 65. Rd1 Rxh2 66.
Re1 Bd7 67. Re3 Rd2 68. e8=Q+ Bxe8 69. Bb4 Rd4 70. Re7+ Kf8 71. Re4+ Rxb4 72.
Rxb4 Bf7 73. Rb7 g5 74. fxg5 fxg5 75. Kb2 Kg7 76. Rb6 h5 77. Ka1 Kh7 78. Ra6 Kg7
79. Rb6 Bc4 80. Rc6 Bb3 81. Rb6 Bg8 82. Rd6 Kf7 83. Rh6 1/2-1/2

[Event "15th London Classic Open"]
[Site "London ENG"]
[Date "2025.11.29"]
[Round "4.41"]
[White "Balaji, Aaravamudhan"]
[Black "Roe, Simon J"]
[Result "0-1"]
[WhiteTitle "IM"]
[WhiteElo "2305"]
[BlackElo "2172"]
[WhiteFideId "436224"]
[BlackFideId "401471"]
[EventDate "2025.11.27"]

1. d4 d5 2. c4 e6 3. Nc3 c5 4. cxd5 exd5 5. Nf3 Nc6 6. g3 Nf6 7. Bg2 cxd4 8.
Nxd4 Bc5 9. Nb3 Bb6 10. Na4 O-O 11. Nxb6 axb6 12. Nd4 Re8 13. O-O Bg4 14. Be3
Qd7 15. Re1 Ne5 16. b3 Bh3 17. a4 Bxg2 18. Kxg2 Neg4 19. Bc1 Ne4 20. Rf1 Ngxf2
21. Rxf2 Qh3+ 22. Kg1 Nxf2 23. Kxf2 Qxh2+ 24. Kf3 Re4 25. Bb2 g5 0-1

[Event "15th London Classic Open"]
[Site "London ENG"]
[Date "2025.11.29"]
[Round "4.42"]
[White "Haydon, David L"]
[Black "Willmoth, Robert F"]
[Result "1-0"]
[WhiteTitle "FM"]
[BlackTitle "CM"]
[WhiteElo "2284"]
[BlackElo "2130"]
[WhiteFideId "415405"]
[BlackFideId "402540"]
[EventDate "2025.11.27"]

1. c4 Nf6 2. Nc3 g6 3. d4 Bg7 4. e4 d6 5. f3 Nbd7 6. Be3 c6 7. Qd2 e5 8. d5 c5
9. Bd3 a6 10. Nge2 Rb8 11. a3 Qe7 12. b4 b6 13. Rb1 h6 14. Na4 Qd8 15. O-O Kf8
16. Rb2 Kg8 17. Rfb1 Ra8 18. Nec3 Kh7 19. bxc5 bxc5 20. Bc2 Bf8 21. Ne2 Rg8 22.
Ng3 Qc7 23. h3 Ra7 24. Qf2 Rb7 25. Rxb7 Bxb7 26. Bd2 Be7 27. Bc3 Rb8 28. Rf1 Bf8
29. Nb2 Bg7 30. Nd3 Re8 31. a4 Re7 32. a5 Bc8 33. Kh1 Qd8 34. Bd2 Ng8 35. Rb1 f6
36. Ba4 Rf7 37. f4 exf4 38. Nxf4 Ne5 39. Qe2 Re7 40. Rb6 Ra7 41. Bc3 Qe7 42. Bc6
h5 43. Ba4 Bh6 44. Bd2 h4 45. Nf1 Bxf4 46. Bxf4 g5 47. Bd2 Nh6 48. Ne3 Nd7 49.
Rb1 Ne5 50. Bc3 Qd8 51. Qh5 Rg7 52. Rb8 Qc7 53. Rxc8 Qxc8 54. Nf5 Nf7 55. Bxf6
Qb8 56. Bxg7 Qb1+ 57. Bd1 Qxe4 58. Bxh6 Qe1+ 59. Kh2 Qe5+ 60. g3 hxg3+ 61. Nxg3
Nxh6 62. Bc2+ 1-0

[Event "15th London Classic Open"]
[Site "London ENG"]
[Date "2025.11.29"]
[Round "4.43"]
[White "Vu Dinh, Adrien"]
[Black "Rushbrooke, Remy"]
[Result "0-1"]
[WhiteElo "2281"]
[BlackElo "2119"]
[WhiteFideId "45186995"]
[BlackFideId "443590"]
[EventDate "2025.11.27"]

1. e4 c5 2. Nf3 Nc6 3. Nc3 e5 4. Bc4 d6 5. d3 Be7 6. Nd2 Nf6 7. Nf1 Bg4 8. f3
Be6 9. Ne3 O-O 10. O-O Nh5 11. Ncd5 Bg5 12. a4 g6 13. Ng4 Bxc1 14. Qxc1 Bxd5 15.
Bxd5 Nf4 16. Qd2 Nd4 17. Ne3 Qg5 18. Rad1 h5 19. Kh1 h4 20. Rf2 Qh5 21. c3 h3
22. g4 Qh4 23. cxd4 cxd4 24. Nc4 Nxd3 25. Qxd3 Qxf2 26. Qf1 Qxf1+ 27. Rxf1 Kg7
28. Nxd6 Rad8 29. Nc4 f5 30. gxf5 gxf5 31. Nxe5 fxe4 32. Bxe4 Kf6 33. f4 Rg8 34.
Rg1 b6 35. Rg3 Rc8 36. Kg1 Rc1+ 37. Kf2 Rxg3 38. Kxg3 Re1 39. Bd3 Re3+ 40. Kg4
Ke6 41. b4 Kf6 42. a5 bxa5 43. bxa5 Ke6 44. Bc4+ Kf6 45. a6 Re1 46. Nf3 Re3 47.
Ne5 Re1 48. Bd3 Re3 49. Bf1 Re1 50. Bb5 Re3 51. Nf3 Rb3 52. Bc4 Rc3 53. Bd5 Ra3
54. Bb7 d3 55. Nd2 Ra2 56. Ne4+ Kg7 57. Kxh3 d2 58. Nf2 Ra1 59. Bf3 Rxa6 60. Kg3
Rd6 61. Bd1 Re6 62. Kf3 Re1 63. Be2 a5 64. Ke3 a4 65. Kf3 Rxe2 66. Kxe2 a3 0-1